000 00221nam a2200097Ia 4500
005 20251222114402.0
008 251222s1900||||xx |||||||||||||| ||spa||
082 _aDVD0010/M28/1962
245 0 _aLos 300 héroes:
942 _cDVD
999 _c1675
_d1675